Sanat: "Parisuhdehautausmaa" - Viivi - Statistics

Yleistilastot
  • Tätä visaa on pelattu 45 kertaa
  • Keskiarvotulos 132 / 223
Vastaustilastot
Vastaus % Oikein
en
92%
jo
83%
83%
83%
mitä
83%
parisuhdehautausmaa
83%
voi
83%
aina
75%
ei
75%
ja
75%
jos
75%
ku
75%
kun
75%
Miten
75%
mua
75%
mun
75%
oli
75%
saa
75%
vaa
75%
antaa
67%
ees
67%
et
67%
itteeni
67%
jonka
67%
kaa
67%
kai
67%
kaiken
67%
kusipää
67%
luota
67%
luottaa
67%
meni
67%
minä
67%
mut
67%
naisen
67%
niin
67%
nukkumaan
67%
petti
67%
se
67%
seuraava
67%
sit
67%
suhun
67%
sun
67%
tein
67%
toisen
67%
uskaltaa
67%
vaan
67%
viereen
67%
voisin
67%
aika
58%
eihän
58%
ensirakkauden
58%
haarniskaa
58%
helppoo
58%
heti
58%
jälkeen
58%
kahesti
58%
kantaa
58%
lopulta
58%
luulin
58%
muka
58%
mulle
58%
ois
58%
Olis
58%
ollut
58%
opetti
58%
päätin
58%
rakastuu
58%
sain
58%
sitä
58%
taas
58%
tällainen
58%
tapahtuu
58%
työreissulla
58%
voittaa
58%
alkaa
50%
enää
50%
eteen
50%
haavoittaa
50%
huomaa
50%
jäljellä
50%
maailmaa
50%
mitenkään
50%
pelkään
50%
puukon
50%
rakkauden
50%
sydämeeni
50%
takaisin
50%
tulee
50%
vihata
50%
autakaan
42%
hylänneeni
42%
löysit
42%
musta
42%
sotii
42%
suoraan
42%
taaskaan
42%
toistaa
42%
tunteen
42%
työntämään
42%
joku
33%
Kenen
33%
kohta
33%
muun
33%
oon
33%
puheet
33%
selityksen
33%
sul
33%
sulle
33%
tahansa
33%
tuut
33%
uskois
33%
varmaan
33%
velkaa
33%
virheeni
33%
yksinkertaisempaa
33%
hävinnyt
25%
kertaa
25%
meen
25%
monta
25%
muihin
25%
pelin
25%
sua
25%
tän
25%
tuun
25%
vertaa
25%
niihin
17%
väkisin
17%
Ehtoja vastaavia visoja ei löytynyt
Tulosjakauma
Jokaisen tuloksen saaneiden osuus
Persentiili vastausten määrän mukaan
Tuloshistoriasi
Et ole pelannut tätä visaa